000 01034cam a22003011 4500
001 000018006
005 20200929165320.0
008 750411s1944 ag cf 000 0 spa
035 _a(DLC) 45009593
035 _a(OCoLC)1267941
040 _aDO-SdBNP
_cNNepaSU
_dOCoLC
_dDLC
_dBNPHU
050 0 0 _aPQ6184
_b.A6
082 _axxxx
_bA334e
100 1 _aAlberti, Rafael,
_d1902-1999.
_99163
245 1 0 _aEglogas y fabulas castellanas ... /
_cSeleccion y prólogo Rafael Alberti ...
260 _aBuenos Aires, Argentina :
_bEditorial Pleamar,
_c1944.
300 _a2 v. :
_bretrs., láminas. ;
_c21 cm.
490 0 _aColeccion Mirto
505 0 _av. 1 Siglos XVI y XVII.--v. 2 Siglos XVII, XVIII y XIX.
650 0 _aSpanish poetry
_yClassical period, 1500-1700.
_939043
650 0 _aPastoral poetry, spanish.
_939044
650 0 _aFables, spanish.
_939045
700 1 _aAlberti, Rafael,
_epról.
_939046
830 0 _aColeccion Mirto
_939047
910 _aCatalogación por copia / LC
082 0 _a861.3082
049 _aBNGR
999 _c17528
_d17528